El general : (Record no. 208199)

MARC details
000 -CABECERA
campo de control de longitud fija 00785nam a22002297a 4500
003 - IDENTIFICADOR DEL NÚMERO DE CONTROL
campo de control UPN
005 - FECHA Y HORA DE LA ÚLTIMA TRANSACCIÓN
campo de control 20230602063814.0
008 - ELEMENTOS DE LONGITUD FIJA--INFORMACIÓN GENERAL
campo de control de longitud fija 220303b1981 mx ||||| |||| 00| 0 spa d
040 ## - FUENTE DE LA CATALOGACIÓN
Centro catalogador/agencia de origen UPN
Lengua de catalogación spa
Centro/agencia transcriptor UPN
050 #4 - SIGNATURA TOPOGRÁFICA DE LA BIBLIOTECA DEL CONGRESO
Número de clasificación PT3919.T7
Número de documento/Ítem G4.8 1981
100 1# - ASIENTO PRINCIPAL--NOMBRE PERSONAL
Nombre de persona Traven, Bruno,
Fechas asociadas al nombre 1890-1969
9 (RLIN) 29464
240 10 - TÍTULO UNIFORME
Título uniforme General from the jungle.
Lenguaje de la obra Español
245 13 - MENCIÓN DE TÍTULO
Título El general :
Resto del título tierra y libertad /
Mención de responsabilidad, etc. B. Traven ; traducción del inglés por Rosa Elena Luján.
250 ## - MENCIÓN DE EDICIÓN
Mención de edición 8a ed.
260 ## - PUBLICACIÓN, DISTRIBUCIÓN, ETC.
Lugar de publicación, distribución, etc. México :
Nombre del editor, distribuidor, etc. Ediciones Minerva,
Fecha de publicación, distribución, etc. 1981.
440 ## - MENCIÓN DE SERIE/ASIENTO SECUNDARIO--TÍTULO
9 (RLIN) 43868
Título Colección Ideas, letras y vida
500 ## - NOTA GENERAL
Nota general Traducción de: General from the jungle.
650 #2 - ASIENTO SECUNDARIO DE MATERIA - TERMINO TEMATICO
9 (RLIN) 9893
Término de materia o nombre geográfico como elemento de entrada MEXICO EN LA LITERATURA
650 #4 - ASIENTO SECUNDARIO DE MATERIA - TERMINO TEMATICO
Término de materia o nombre geográfico como elemento de entrada Novela mexicana
9 (RLIN) 4557
700 1# - ASIENTO SECUNDARIO--NOMBRE DE PERSONAL
9 (RLIN) 43869
Nombre de persona Luján, Rosa Elena,
Término indicativo de función/relación tr.
942 ## - ELEMENTOS DE PUNTO DE ACCESO ADICIONAL (KOHA)
Fuente del sistema de clasificación o colocación Library of Congress Classification
Tipo de ítem Koha Libro
Holdings
Estado de retiro Estado de pérdida Fuente del sistema de clasificación o colocación Estado dañado No para préstamo Código de colección Localización permanente Ubicación/localización actual Ubicación en estantería Fecha de adquisición Clasificación Código de barras Fecha visto por última vez Número de copia Precio válido a partir de Tipo de ítem Koha
    Library of Congress Classification     Colección General Bib. Gregorio Torres Quintero Bib. Gregorio Torres Quintero Planta baja 03/03/2022 PT3919.T7 G4.8 1981 65497 03/03/2022 1 03/03/2022 Libro